• 首页
  • 本馆介绍
  • 公告通知
  • 最新文献
  • 馆藏检索
  • 电子资源
  • 读者导购
  • 参考咨询
  • 我的图书馆
  • 登录
  • 详细信息显示
  • 放入我的书架
  • 预约/预借图书
  • 作者相关作品
  • 分类相关作品
  • 丛书相关作品
  • 出版社相关作品

书目信息

  • 表格格式
  • 工作单格式
  • 卡片格式
题名:
图说法国史
    
 
作者: 佐佐木真, 著 ;徐建雄 译
分册:  
出版信息: 天津   天津人民出版社  2020.04
页数: 407页
开本: 19cm
丛书名:
单 册:
中图分类: K565.09
科图分类:
主题词:
电子资源:
ISBN: 978-7-201-15602-6
000 01014nam0 2200253 450
001 CAL 0120202982407
005 20230217093113.0
010    @a978-7-201-15602-6@dCNY68.00
100    @a20200519d2020 em y0chiy0120 ea
101 1  @achi@cjpn
102    @aCN@b120000
105    @aab z 000yy
106    @ar
200 1  @a图说法国史@Atu shuo fa guo shi@f(日) 佐佐木真著@g徐建雄译
210    @a天津@c天津人民出版社@d2020.04
215    @a407页@c彩图, 地图@d19cm
314    @a佐佐木真, 现任驹泽大学文学部教授。徐建雄, “质检派”译者。
330    @a本书分为十二章, 具体内容包括: 罗马与法兰克王国 ; 卡佩王朝的建立 ; 法兰西王国的发展 ; 百年战争与瓦卢瓦王朝 ; 文艺复兴式的君主制 ; 宗教战争与波旁王朝的建立 ; 君主专制的光辉 ; 18世纪的政治与文化 ; 法国大革命与拿破仑 ; 19世纪的法兰西等。
607    @a法国@Afa guo@x历史@j通俗读物
690    @aK565.09@v5
701  0 @a佐佐木真,@Azuo zuo mu zhen@f1961-@4著
702  0 @a徐建雄@Axu jian xiong@4译
801  0 @aCN@bBJXHZP@c20230228
905    @b1391426-9@dK565.09@e67@f4
    
    图说法国史/(日) 佐佐木真著/徐建雄译.-天津:天津人民出版社,2020.04
    407页:彩图, 地图;19cm
    
    
    ISBN 978-7-201-15602-6:CNY68.00
    本书分为十二章, 具体内容包括: 罗马与法兰克王国 ; 卡佩王朝的建立 ; 法兰西王国的发展 ; 百年战争与瓦卢瓦王朝 ; 文艺复兴式的君主制 ; 宗教战争与波旁王朝的建立 ; 君主专制的光辉 ; 18世纪的政治与文化 ; 法国大革命与拿破仑 ; 19世纪的法兰西等。
●
相关链接 在E读中查询图书 在五车中查询图书 在当当中查询图书 在豆瓣中查询图书


正题名:图说法国史     索取号:K565.09/67         预约/预借

序号 登录号 条形码 馆藏地/架位号 状态 备注
1 1391426   213914264   第二样本阅览室/ [索取号:K565.09/67] 在馆    
2 1391427   213914273   第二借阅区/ [索取号:K565.09/67] 在馆    
3 1391428   213914282   第二借阅区/ [索取号:K565.09/67] 在馆    
4 1391429   213914291   第二借阅区/ [索取号:K565.09/67] 在馆    
唐山师范学院图书馆 欢迎您!
大连网信软件有限公司© 版权所有